General chemistry : (Record no. 82853)

MARC details
000 -LEADER
fixed length control field 00727nam a22002417a 4500
005 - DATE AND TIME OF LATEST TRANSACTION
control field 20140311160152.0
010 ## - LCCN (DPL NO)
LC control number ENG-109520
020 ## - INTERNATIONAL STANDARD BOOK NUMBER
Terms of availability 2295.00
International Standard Book Number 9781259098659
020 ## - INTERNATIONAL STANDARD BOOK NUMBER
Terms of availability 2295.00
International Standard Book Number 12590998656
035 ## - SYSTEM CONTROL NUMBER
System control number EN-93053
037 ## - SOURCE OF ACQUISITION
Source of stock number/acquisition DBAD/PUB
082 ## - DEWEY DECIMAL CLASSIFICATION NUMBER
Classification number 540
100 ## - MAIN ENTRY--PERSONAL NAME
Personal name Chang, Raymond
245 00 - TITLE STATEMENT
Title General chemistry :
Statement of responsibility, etc by Raymond Chang [and] Jason Overby
Remainder of title the essential concepts /
250 ## - EDITION STATEMENT
Edition statement 6th ed
260 ## - PUBLICATION, DISTRIBUTION, ETC. (IMPRINT)
Place of publication, distribution, etc New Delhi
Name of publisher, distributor, etc McGraw Hill Education
Date of publication, distribution, etc 2013
270 ## - ADDRESS
Address P-24, Green Park Extn.
City New Delhi
Postal code 110016
300 ## - PHYSICAL DESCRIPTION
Extent xxii,779p. :
Dimensions 28cm(pbk)
Other physical details col.ill.
500 ## - GENERAL NOTE
General note Includes index
650 ## - SUBJECT ADDED ENTRY--TOPICAL TERM
Topical term or geographic name as entry element Chemistry
Form subdivision Textbooks
700 ## - ADDED ENTRY--PERSONAL NAME
Personal name Overby, Jason
942 ## - ADDED ENTRY ELEMENTS (KOHA)
Source of classification or shelving scheme Dewey Decimal Classification
Item type English Books
Call number suffix CHA
Classification part 540
Holdings
Withdrawn status Lost status Not for loan Collection code Home library Current library Date acquired Source of acquisition Cost, normal purchase price Full call number Barcode Copy number Cost, replacement price Koha item type
    Not For Loan Non-fiction D.B.Act.Division D.B.Act.Division 03/03/2014 DBAD/PUB 2295.00 540 CHA EN-93053 1 2295.00 English Books

© Delhi Public Library
Hit Counter
free hit counter